Sports Quiz

Random Sports or Baseball Quiz

Japanese MLB Player Bios Quiz Stats

 Plays Quiz Updated Nov 27, 2018

Support Sporcle.
Go Orange.
Score 0/14 Timer 04:00
1 Play Today
Hint Player % Correct
10-time All-Star and Gold Glove-winning outfielder for the MarinersIchiro Suzuki
95.6%
Two-time All-Star Yankees outfielder/designated hitter nicknamed 'Godzilla'Hideki Matsui
81.2%
Red Sox starting pitcher named MVP of the first two World Baseball ClassicsDaisuke Matsuzaka
72.6%
1995 NL Rookie of the Year; threw no-hitters for the Dodgers and Red SoxHideo Nomo
67.3%
Cubs outfielder named an All-Star starter in his 2008 rookie seasonKosuke Fukudome
66.7%
All-Star and World Series champion as a Red Sox reliever in 2007Hideki Okajima
40.3%
Much-hyped late-'90s Yankees pitcher George Steinbrenner once called a 'fat toad'Hideki Irabu
39.9%
Hint Player % Correct
Starting second basemen for the AL pennant-winning Rays in 2008Akinori Iwamura
37.7%
Utility outfielder who won World Series with the Cardinals (2006) and Phillies (2008)So Taguchi
35%
Former Dodgers All-Star closer, also played for the Red Sox and BravesTakashi Saito
33.8%
Starter for the Mariners from 2006-2009; first Japanese catcher in MLBKenji Johjima
31%
2000 AL Rookie of the Year and two-time All-Star Mariners closerKazuhiro Sasaki
25.3%
All-Star relief pitcher in 2003; spent nine seasons with the Angels and MarinersShigetoshi Hasegawa
13.4%
First Japanese-born MLB player; pitched for the Giants in 1964 and 1965Masanori Murakami
3.1%

You're not logged in!

Compare scores with friends on all Sporcle quizzes.
OR
Log In
Forgot?

From the Vault

Movie by Scenery III

by Larryholmes79

Movies 8m
Action and dialogue in movies are great, but every now and then you have to stop and smell the flowers.
Remove Ads.
Support Sporcle.
Get the best of Sporcle when you Go Orange. This ad-free experience offers more features, more stats, and more fun while also helping to support Sporcle. Thank you for becoming a member.

Show Comments

Extras

Top Quizzes Today


Score Distribution

Your Account Isn't Verified!

In order to create a playlist on Sporcle, you need to verify the email address you used during registration. Go to your Sporcle Settings to finish the process.

Report this User

Report this user for behavior that violates our Community Guidelines.

Details: